| 000 | 00884cam a22002777a 4500 | ||
|---|---|---|---|
| 003 | CHAP | ||
| 005 | 20220817041843.0 | ||
| 008 | 971013s1972 ag r 10010 spa d | ||
| 010 | _a26574 | ||
| 011 | _a27546 | ||
| 035 | _a31647 | ||
| 040 | _cCHAP | ||
| 082 | 0 | 4 |
_a634.9063 _bC66g 1972 |
| 111 | 0 | 0 |
_aCongreso Forestal Mundial ( _n7 _d: 1972 _c: Buenos Aires) |
| 245 | 1 | 0 | _aGiras de estudio por Argentina |
| 260 |
_aBuenos Aires : _bServicio Nacional Forestal, _c1972 |
||
| 300 |
_a48 p. _b: láms. ; mapas |
||
| 590 |
_aBATCH-UPD _b10 _c20130110 _lUCH01 _h1655 |
||
| 590 |
_aCONVERSION _b10 _c20130109 _lUCH01 _h1315 |
||
| 650 | 1 | 4 |
_aBosques _xArgentina. _914055 |
| 650 | 1 | 4 |
_aBosques _xCongresos. _914116 |
| 790 | 1 | _aBosque y el desarrollo económico y social | |
| 901 | _aBK | ||
| 942 | _cLIBRO | ||
| 949 |
_a634.9063 C66g 1972 _bBC _cLIBRO _d33724000219259 _eLIBRO _h39720 _i31647 _mD _si |
||
| 999 |
_c26574 _d26574 |
||